000 00633nam a2200193Ia 4500
005 20250326145120.0
008 250326s9999 xx 000 0 und d
037 _aTextbook
040 _aFMSL
_beng
_cFMSL
041 _aeng
_2eng
084 _aX:51obD658(2:55) Q0
_qFMSL
100 _aBernoff J
_9750678
245 0 _aEmpowered: unleash your employees, energize your customers and transform your business
_cBernoff J; Schadler T
260 _aNew Delhi
_bNew Delhi, Harvard Business School
_c2010
365 _b995
650 _aManagement
942 _cTB
_hX:51obD658(2:55) Q0
999 _c1306425
_d1306425